Mujeres jóvenes en el mundo rural
Los problemas de inserción laboral y de participación social que sufren hoy en día los jóvenes rurales no pueden entenderse sin comprender qué es el género y la forma en que las relaciones de género se manifiestan en el mundo rural. La invisibilidad del trabajo femenino y la permanente visibilidad s...
Uloženo v:
| Hlavní autor: | |
|---|---|
| Médium: | Text |
| Vydáno: |
Madrid
|
| Témata: | |
| Tagy: |
Přidat tag
Žádné tagy, Buďte první, kdo vytvoří štítek k tomuto záznamu!
|
MARC
| LEADER | 00000 a a2200000 04500 | ||
|---|---|---|---|
| 001 | 26525 | ||
| 003 | |||
| 040 | |||
| 090 | |a 148800 | ||
| 100 | |a Sampedro Gallego, Rosario | ||
| 245 | |a Mujeres jóvenes en el mundo rural | ||
| 260 | |a Madrid | ||
| 300 | |a 5 p; n. 48 | ||
| 520 | |a Los problemas de inserción laboral y de participación social que sufren hoy en día los jóvenes rurales no pueden entenderse sin comprender qué es el género y la forma en que las relaciones de género se manifiestan en el mundo rural. La invisibilidad del trabajo femenino y la permanente visibilidad social de las mujeres en las comunidades rurales ha empujado a muchas jóvenes a la huida. En un mundo rural que experimenta profundas transformaciones sociales y económicas, las mujeres están participando con desigual fortuna en los nuevos escenarios del desarrollo rural. DOC/WMV | ||
| 650 | |a ANALISIS DE GENERO | ||
| 650 | |a GENERO | ||
| 650 | |a DISCRIMINACION BASADA EN EL GENERO | ||
| 650 | |a RELACIONES DE GENERO | ||
| 650 | |a JUVENTUD | ||
| 650 | |a ADOLESCENTES | ||
| 650 | |a MUJERES RURALES | ||
| 650 | |a TRABAJADORAS | ||
| 650 | |a PARTICIPACION DE LA MUJER | ||
| 650 | |a STATUS DE LA MUJER | ||
| 650 | |a CONTROL SOCIAL | ||
| 650 | |a NORMAS SOCIALES | ||
| 650 | |a VALORES SOCIALES | ||
| 650 | |a DESARROLLO RURAL | ||
| 999 | |c 13759 |d 13759 | ||
